000 00689nam a2200289Ia 4500
001 Z_4196
003 CHAP
008 220113s1974 xx 000 0 und d
010 _a167259
040 _cCHAP
082 _a631 D4y
100 _aDent, John Barry ed.
_9141425
245 _aEl análisis de sistemas de administración agrícola /
_cpor John Barry ed. Dent
260 _aMéxico, D. F. :
_bDiana,
_c1974
300 _a463 p.
440 _a
500 _a
503 _a
650 _aAdministración rural
_9138129
650 _aAnálisis de sistemas
_95976
901 _a631 D4y
902 _aA
910 _a1974
942 _c1
942 _cc1
999 _c167259
_d167259